000 00397nam a2200157Ia 4500
008 210210b2000 xxu||||| |||| 00| 0 eng d
020 _a81 74462155
082 _a658.001 ADHB
100 _aADHIKARY (M).
245 _aBusiness economics.
260 _aNew Delhi.
_bExcel Books
_c2000
300 _axi,615
650 _aBusiness Economics
690 _aBusiness Economics
906 _aSG03536
999 _c114183
_d114183